Komplexný systém riadenia akosti výrobkov v kožiarskom a obuvníckom priemysle zborník prednášok z 5. celoštátneho seminára
Uložené v:
| Médium: | Kniha |
|---|---|
| Jazyk: | Slovak |
| Vydavateľské údaje: |
Žilina
Dom techniky ČSVTS
1983
|
| Tagy: |
Žiadne tagy, Buďte prvý, kto otaguje tento záznam!
|
MARC
| LEADER | 00000nam a2200000 4500 | ||
|---|---|---|---|
| 001 | c115488 | ||
| 005 | 20181203150332.0 | ||
| 041 | 0 | |a slo | |
| 044 | |a SK | ||
| 245 | 1 | 0 | |a Komplexný systém riadenia akosti výrobkov v kožiarskom a obuvníckom priemysle |b zborník prednášok z 5. celoštátneho seminára |
| 264 | 1 | |a Žilina |b Dom techniky ČSVTS |c 1983 | |
| 300 | |a 120 s. | ||